Complete the Card - WWE No Mercy 2004 - Statistics

General Stats
  • This quiz has been taken 10 times
  • The average score is 18 of 22
Answer Stats
Answer % Correct
Billy Kidman
100%
Booker T
100%
Eddie Guerrero
100%
John Bradshaw Layfield
100%
John Cena
100%
Kenzo Suzuki
100%
Kurt Angle
100%
Rene Dupree
100%
Rey Mysterio
100%
The Big Show
100%
The Undertaker
100%
Bubba Ray Dudley
80%
D-Von Dudley
80%
Luther Reigns
80%
Paul London
80%
Rob Van Dam
80%
Spike Dudley
80%
Dawn Marie
60%
Nunzio
60%
Charlie Haas
40%
Miss Jackie
40%
Rico
40%
No matching quizzes found
Score Distribution
Percent of People with Each Score
Percentile by Number Answered
Your Score History
You have not taken this quiz